Prvé husle v rukách prvej pätorky hodnotíme extraligovú sezónu: HK 36 Skalica - 6. miesto

Bibliographic Details
Format: Article
Language:Slovak
PhysicalDescription:Fotogr., tab.
ISSN:0139-7001
Subjects:

MARC

LEADER 00000nab a2200000 a 4500
001 vtls000867453
003 SK-MaSNL
005 20260302161522.0
008 040806c2004 xo 0 slo
015 |a SNBRB2004/03-09514 
035 |a CLN000219005 
040 |a SNKBUCL  |b slo  |c SNKBUCL  |e AACR2 
041 0 |a slo 
044 |a xo  |c SK 
080 |a 796.966(437.6)  |2 UDC-MRF-SK2 
245 0 0 |a Prvé husle v rukách prvej pätorky  |b hodnotíme extraligovú sezónu: HK 36 Skalica - 6. miesto 
300 |b Fotogr., tab. 
610 2 7 |a HK 36 Skalica  |2 snkbucl  |9 855632 
648 7 |a sezóna 2003/2004  |2 snkbucl  |9 856900 
650 0 7 |a ľadový hokej  |2 snkbucl  |9 3231 
650 0 7 |a extraliga  |2 snkbucl  |9 18992 
650 0 7 |a 6. miesto  |2 snkbucl  |9 859537 
773 0 |x 0139-7001  |t Šport  |g Roč. 58, č. 66 (19.3.2004), s. 48 
850 |a Slovenská národná knižnica v Martine 
852 |a SNK  |b KIS3GCP 
999 |c 1377613  |d 1379543